000 01163nam a2200241Ia 4500
003 OSt
005 20250801152231.0
008 191128n9999 sp a br 000 j spa d
020 _a8420734195
040 _aCO-JMCR
_cCO-JMCR
041 _aspa
082 0 4 _aJ-C
_bQUIc1
100 1 _aQuiroga, Horacio,
_d1878-1937,
_eautor
_94855
245 1 0 _aCuentos de la selva /
_cHoracio Quiroga ; apéndice Emilio Pascual ; ilustración José María Lago
260 _aMadrid :
_bAnaya,
490 0 _aTus libros maravillosos
505 _aLa tortuga gigante -- Las medias de los flamencos -- El loro pelado -- La guerra de los yacarés -- La gama ciega -- Historia de dos cachorros de coatí y de dos cachorros de hombre -- El paso del Yabebirí -- La abeja haragana -- Anaconda
520 _aLa selva es el escenario y personaje omnipresente de estos cuentos. La selva tropical, con su violencia natural incontenible, frente al hombre, aliado a veces, destructor las más, de esa naturaleza salvaje.
650 _aCuentos infantiles
_94856
700 _aPacual, Emilio,
_eapéndice
_94857
700 _aLago, José María,
_eilustrador
_94858
942 _2ddc
_cBK
999 _c3955
_d3955